000 00360nam a2200133Ia 4500
005 20260328101525.0
008 260328s9999||||xx |||||||||||||| ||und||
100 _aRapaport, Nina
245 0 _aUrban integration :
_b Bishopgate Goods Yard /
_cNina Rapaport
260 _bYale School of Architecture
300 _a191 p.
650 _aDISEÑO URBANO
942 _cBK
999 _c9759
_d9759